A quel club appartient ce maillot N°3 - Statistiques

Statistiques générales
  • Ce quiz a été pris 428 fois
  • Le résultat moyen est 8 sur 10
Statistiques - réponses
Par images Réponse % Correct
Liverpool
98%
Manchester United
96%
Bayern
95%
Juventus
95%
Tottenham
95%
Chealse
94%
Olympique Lyonnais
91%
Saint-Etienne
91%
Paris
79%
Dynamo Moscou
15%
Aucun quiz correspondant
Distribution des résultats
% des personnes avec chaque résultat
Percentile par nombre de réponses
Votre historique - résultats
Vous n’avez pas pris ce quiz